000 00564nam a2200229Ia 4500
003 OSt
005 20220918190738.0
006 a|||||r|||| 00| 0
007 ta
008 220917b |||||||| |||| 00| 0 eng d
024 _a59,283
037 _cTextual
040 _aARTS
_cARTS
_beng
041 _2eng
_aeng
082 _aQ2, J2
100 _aSuryanaryana R N
_973700
245 0 _aBrahmana dharma
_b The universal religion
260 _c1952
650 _aRELIGION
942 _hQ2, J2
_cTEXL
_2CC
999 _c186650
_d186650